000 01037nam a2200229Ia 4500
003 Ost
005 20260507074910.0
008 260507s9999||||xx |||||||||||||| ||und||
020 _a9957160621
040 _cfsecg
041 _aara
082 _a657
100 _aالصفار، هادي رضا
_eمؤلف
245 0 _aمبادئ المحاسبة المالية :
_bالأسس العلمية في القياس المحاسبي /
_c هادي رضا الصفار
260 _aعمان:
_bدار الثقافة للنشر والتوزيع,
_c2006
300 _a399 صفحة؛
_bإيضاحات ؛
_c25 سم
504 _aببليوغرافيا: ص.397
520 _aنشوء المحاسبة وتطورها، النظام المحاسبي والدورة المحاسبية، العمليات التمويلية، العمليات الإيرادية، العمليات الرأسمالية، فترة الحسابات الختامية
653 _aالإدارة المالية
653 _aالمحاسبة
942 _cكتاب
999 _c41730
_d41730